[Event "OGOLNOPOLSKA OLIMPIADA MLODZIEZY<br/>MISTRZOSTWA POLSKI JUNIOROW 2016 - D14"]
[Site "Olecko"]
[Date "2016-05-08"]
[Round "7.10"]
[White "Moscicka, Pola"]
[Black "Nowicka, Julia"]
[Result "1-0"]
[WhiteTitle "k"]
[BlackTitle "I"]
[WhiteElo "1838"]
[BlackElo "1281"]

1. d4 d5 2. c4 c6 3. Nf3 Nf6 4. Nc3 dxc4 5. a4 Bg4 6. Ne5 Bh5 7. f3 e6 8. e4 Bb4
9. Be2 Nbd7 10. Nxc4 O-O 11. O-O Qc7 12. f4 Bxe2 13. Qxe2 c5 14. dxc5 Bxc3 15.
bxc3 Nxc5 16. e5 Nd5 17. Bb2 Rfd8 18. Nd6 Qa5 19. c4 Nb6 20. f5 exf5 21. Rxf5
Rd7 22. Raf1 Rf8 23. e6 Rxd6 24. exf7+ Kh8 25. Bxg7+ Kxg7 26. Qe5+ Kg6 27. Rg5+
Kh6 28. Qg7# 1-0

[Event "OGOLNOPOLSKA OLIMPIADA MLODZIEZY<br/>MISTRZOSTWA POLSKI JUNIOROW 2016 - D14"]
[Site "Olecko"]
[Date "2016-05-08"]
[Round "7.11"]
[White "Tarka, Aleksandra"]
[Black "Raczykowska, Paulina"]
[Result "0-1"]
[WhiteTitle "I"]
[BlackTitle "I+"]
[WhiteElo "1472"]
[BlackElo "1737"]

1. e4 e5 2. d4 exd4 3. Qxd4 Nc6 4. Qe3 d6 5. Bc4 Be6 6. Bxe6 fxe6 7. Nf3 g6 8.
Bd2 Bg7 9. Bc3 Nf6 10. Nd4 Nxd4 11. Qxd4 O-O 12. Nd2 c5 13. Qc4 Qd7 14. e5 Nd5
15. exd6 Nxc3 16. bxc3 Qxd6 17. Ne4 Qd5 18. Qe2 Rf4 19. f3 Rxe4 20. Qxe4 Bxc3+
21. Kf2 Bxa1 22. Rxa1 Qxe4 23. fxe4 Rd8 24. Ke3 Kf7 25. Rf1+ Ke7 26. Rf2 Kd6 27.
Rd2+ Kc7 28. Rxd8 Kxd8 29. Kf4 b5 30. Kg5 Ke7 31. Kh6 Kf6 32. Kxh7 g5 33. Kh6
e5 34. Kh5 a5 35. h4 gxh4 36. Kxh4 Kg6 37. Kg3 c4 38. Kf3 b4 39. Ke2 a4 40. Kd2
Kg5 41. c3 b3 42. axb3 axb3 43. Kc1 Kf4 44. Kd1 0-1

[Event "OGOLNOPOLSKA OLIMPIADA MLODZIEZY<br/>MISTRZOSTWA POLSKI JUNIOROW 2016 - D14"]
[Site "Olecko"]
[Date "2016-05-08"]
[Round "7.12"]
[White "Budkiewicz, Magdalena"]
[Black "Pyzio, Amelia"]
[Result "1-0"]
[WhiteTitle "I"]
[BlackTitle "I"]
[WhiteElo "1495"]
[BlackElo "1564"]

1. e4 e5 2. Nf3 Nc6 3. Bc4 Bc5 4. c3 Nf6 5. d4 exd4 6. O-O d6 7. cxd4 Bb4 8. d5
O-O 9. dxc6 bxc6 10. Bd2 Bc5 11. Nc3 Bg4 12. Bg5 Rb8 13. b3 Kh8 14. Na4 Bb4 15.
h3 Bh5 16. e5 h6 17. exf6 hxg5 18. fxg7+ Kxg7 19. Qd4+ Qf6 20. Qxf6+ Kxf6 21.
a3 Ba5 22. Nd4 Rbe8 23. Nxc6 Bb6 24. Rfe1 Bg6 25. Nc3 Kg7 26. Kf1 f5 27. Nd5 Rh8
28. Rxe8 Bxe8 29. Nce7 Bd7 30. Nxb6 cxb6 31. Rd1 Rh6 32. Rd5 Rf6 33. Bd3 g4 34.
Nxf5+ Bxf5 35. Rxf5 gxh3 36. Rxf6 h2 37. Rg6+ Kh7 38. Rg3+ 1-0

[Event "OGOLNOPOLSKA OLIMPIADA MLODZIEZY<br/>MISTRZOSTWA POLSKI JUNIOROW 2016 - D14"]
[Site "Olecko"]
[Date "2016-05-08"]
[Round "7.13"]
[White "Koruch, Maria"]
[Black "Rokoszna, Zuzanna"]
[Result "0-1"]
[WhiteTitle "I"]
[BlackTitle "II"]
[WhiteElo "1362"]
[BlackElo "1017"]

1. e4 c5 2. Nf3 d6 3. d4 cxd4 4. Nxd4 Nf6 5. Nc3 g6 6. h3 Bg7 7. Bc4 Nc6 8. O-O
O-O 9. Re1 Bd7 10. Bg5 Rc8 11. Bb3 Na5 12. Nd5 Nxb3 13. Bxf6 exf6 14. axb3 a6
15. Qd3 Be6 16. Nf4 Qe7 17. Rad1 Rfd8 18. Qg3 Qd7 19. Nd3 f5 20. Nf3 Rxc2 21.
e5 dxe5 22. Nb4 Qxd1 23. Rxd1 Rxd1+ 24. Kh2 Rxb2 25. Nd3 Rxd3 0-1

[Event "OGOLNOPOLSKA OLIMPIADA MLODZIEZY<br/>MISTRZOSTWA POLSKI JUNIOROW 2016 - D14"]
[Site "Olecko"]
[Date "2016-05-08"]
[Round "7.14"]
[White "Sivickis, Wiktoria"]
[Black "Sowa, Wiktoria"]
[Result "0-1"]
[WhiteTitle "I"]
[BlackTitle "I"]
[WhiteElo "1459"]
[BlackElo "1545"]

1. Nf3 Nf6 2. d4 d5 3. Bf4 e6 4. e3 Bd6 5. Bg3 O-O 6. c3 c5 7. Nbd2 Nc6 8. Qc2
Re8 9. Bb5 a6 10. Bxc6 bxc6 11. Ne5 Bb7 12. O-O-O cxd4 13. exd4 c5 14. Ndf3 Ne4
15. Rhe1 cxd4 16. Rxd4 f6 17. Ng4 e5 18. Rdd1 Kh8 19. Kb1 Rc8 20. Qe2 Rxc3 21.
Nd2 Nxd2+ 22. Qxd2 Rc4 23. Qe2 Bb4 24. Rf1 Qb6 25. Ne3 Re4 26. Qd3 Rd4 27. Qf5
Bc3 28. b3 Qb4 29. Nc2 Rxd1+ 30. Rxd1 Qb6 31. Rd3 d4 32. Rd1 e4 33. Qd7 Bc6 34.
Qf5 d3 35. Ne3 Qd4 36. Qg4 Bd7 37. Qf4 Bb4 38. Nc4 Bb5 39. Qe3 Qd7 40. Nd2 f5
41. Bf4 Rc8 42. Rc1 Rxc1+ 43. Kxc1 Qc6+ 44. Nc4 Bxc4 45. bxc4 Qxc4+ 0-1

[Event "OGOLNOPOLSKA OLIMPIADA MLODZIEZY<br/>MISTRZOSTWA POLSKI JUNIOROW 2016 - D14"]
[Site "Olecko"]
[Date "2016-05-08"]
[Round "7.15"]
[White "Tomczak, Marta"]
[Black "Roszkiewicz, Anna"]
[Result "0-1"]
[WhiteTitle "I"]
[BlackTitle "I"]
[WhiteElo "1482"]
[BlackElo "1443"]

1. e4 c5 2. c3 g6 3. d4 cxd4 4. cxd4 d5 5. Bb5+ Bd7 6. Bxd7+ Qxd7 7. e5 Nc6 8.
Nf3 Bg7 9. O-O Nh6 10. h3 f6 11. exf6 exf6 12. Re1+ Kf7 13. Nc3 Rhe8 14. Bxh6
Bxh6 15. Qb3 Rad8 16. Rxe8 Kxe8 17. Re1+ Kf7 18. Na4 b6 19. Qa3 Qd6 20. Qc3 Re8
21. Rxe8 Kxe8 22. a3 Kd7 23. b4 Qf4 24. Qb3 Qc1+ 25. Kh2 Qc4 26. Qxc4 dxc4 27.
d5 Ne7 28. Nc3 Kd6 29. Ne4+ Kxd5 30. Nxf6+ Ke6 31. Ne4 Nd5 32. Ne1 Bc1 33. Nc2
Ke5 34. Ng3 Bf4 35. b5 Nc3 36. Kg1 Bxg3 37. fxg3 Nxb5 38. Kf2 Ke4 39. Ke1 Nd4
40. Na1 Kd3 41. Kd1 c3 0-1

[Event "OGOLNOPOLSKA OLIMPIADA MLODZIEZY<br/>MISTRZOSTWA POLSKI JUNIOROW 2016 - D14"]
[Site "Olecko"]
[Date "2016-05-08"]
[Round "7.16"]
[White "Orlik, Sandra"]
[Black "Tuznik, Martyna"]
[Result "1-0"]
[WhiteTitle "I"]
[BlackTitle "II"]
[WhiteElo "1451"]
[BlackElo "1047"]

1. e4 c5 2. Nf3 d6 3. d4 cxd4 4. Nxd4 Nf6 5. Nc3 g6 6. Be3 Bg7 7. f3 O-O 8. Qd2
Nc6 9. g4 Bd7 10. h4 h5 11. gxh5 Nxh5 12. O-O-O Rc8 13. Rg1 a6 14. f4 e6 15. f5
Nxd4 16. Bxd4 exf5 17. exf5 Bxf5 18. Bxg7 Kxg7 19. Qd5 Qxh4 20. Qxf5 Rfe8 21.
Bd3 Nf4 22. Qd7 Nxd3+ 23. Rxd3 Rcd8 24. Qxb7 a5 25. Qb6 d5 26. Qxa5 d4 27. Nd1
Rc8 28. Qd2 Qh5 29. Rg2 Qf5 30. Rxd4 Qe6 31. Rd7 Qc6 32. Qd4+ Kg8 33. Rh2 Re5
34. Qxe5 f6 35. Rh8+ Kxh8 36. Qh2+ Kg8 37. Qh7+ Kf8 38. Qf7# 1-0

[Event "OGOLNOPOLSKA OLIMPIADA MLODZIEZY<br/>MISTRZOSTWA POLSKI JUNIOROW 2016 - D14"]
[Site "Olecko"]
[Date "2016-05-08"]
[Round "7.17"]
[White "Sawa, Daria"]
[Black "Wasala, Wiktoria"]
[Result "1-0"]
[WhiteTitle "I"]
[BlackTitle "I"]
[WhiteElo "1111"]
[BlackElo "1448"]

1. e4 e5 2. Nf3 Nc6 3. Bc4 Bc5 4. c3 Nf6 5. d4 exd4 6. cxd4 Bb4+ 7. Bd2 Bxd2+ 8.
Nbxd2 d5 9. exd5 Nxd5 10. O-O O-O 11. Ne5 Nxd4 12. Nb3 Nxb3 13. Bxd5 Nxa1 14.
Bxf7+ Kh8 15. Qh5 h6 16. Rd1 Qf6 17. Ng6+ Kh7 18. Nxf8+ Kh8 19. Qg6 Bf5 20. Qxf6
gxf6 21. Bg6 Bxg6 22. Nxg6+ Kg7 23. Nf4 Nc2 24. Rc1 Nb4 25. Rxc7+ Kg8 26. a3 Rd8
27. Kf1 Na2 28. Rxb7 Nc1 29. g3 a5 30. Ra7 Nb3 31. Rb7 Nd2+ 32. Kg2 Nc4 33. Rb5
Rd2 34. b4 a4 35. Rc5 Nxa3 36. Ra5 Nc4 37. Rxa4 Ne3+ 38. Kf3 Nd1 39. Ra8+ Kf7
40. Ra7+ Kg8 41. Nh3 Rb2 42. Rb7 Nc3 43. Nf4 Nd1 44. Nd3 Rb3 45. Ke4 Nc3+ 46.
Kf5 Nd5 47. Nc5 Rb2 48. Ne6 Rc2 49. Kg6 Rc8 50. b5 Nb4 51. Kxh6 Nd3 52. f4 Nf2
53. Kg6 Ne4 54. b6 Nd6 55. Rd7 Nc4 56. b7 Re8 57. Rd8 1-0

[Event "OGOLNOPOLSKA OLIMPIADA MLODZIEZY<br/>MISTRZOSTWA POLSKI JUNIOROW 2016 - D14"]
[Site "Olecko"]
[Date "2016-05-08"]
[Round "7.18"]
[White "Kubasik, Aleksandra"]
[Black "Filipska, Maja"]
[Result "0-1"]
[WhiteTitle "II"]
[BlackTitle "I"]
[WhiteElo "1151"]
[BlackElo "1479"]

1. e4 c5 2. c4 d6 3. Nf3 Nf6 4. Nc3 g6 5. d4 cxd4 6. Nxd4 Bg7 7. Be3 O-O 8. f3
Nbd7 9. Qd2 a6 10. Be2 Qc7 11. O-O Ne5 12. b3 Ne8 13. Nd5 Qd8 14. Rac1 e6 15.
Nc3 Nc7 16. Rfd1 Qe7 17. Na4 f5 18. Nb6 Rb8 19. exf5 exf5 20. Bf1 Re8 21. Ne2
Nxf3+ 22. gxf3 Qxe3+ 23. Qxe3 Rxe3 24. Rxd6 Re8 25. Rcd1 Bf8 26. Rd8 Bc5+ 27.
Kg2 Bxb6 28. Rxe8+ Nxe8 29. Nc3 Be6 30. Na4 Ba7 31. Re1 Kf7 32. c5 Rd8 33. Kg3
Rd2 34. b4 Bb8+ 35. f4 Rxa2 36. Rxe6 Ra3+ 37. Kh4 Kxe6 38. Bc4+ Kf6 39. Nb6 Bxf4
40. Nd7+ Kg7 41. h3 g5+ 42. Kh5 Rxh3# 0-1

[Event "OGOLNOPOLSKA OLIMPIADA MLODZIEZY<br/>MISTRZOSTWA POLSKI JUNIOROW 2016 - D14"]
[Site "Olecko"]
[Date "2016-05-08"]
[Round "7.19"]
[White "Mytych, Wiktoria"]
[Black "Bartkowska, Dorota"]
[Result "1-0"]
[WhiteTitle "I"]
[BlackTitle "II"]
[WhiteElo "1276"]
[BlackElo "1090"]

1. e4 e5 2. Nf3 Nc6 3. Nc3 Be7 4. Bb5 d6 5. d4 exd4 6. Nxd4 Bd7 7. Bxc6 bxc6 8.
O-O c5 9. Nf3 Bg4 10. h3 Bxf3 11. Qxf3 Bg5 12. Bxg5 Qxg5 13. e5 Qd8 14. exd6 cxd6
15. Rad1 Rb8 16. Rfe1+ Kf8 17. b3 Nf6 18. Na4 Qc7 19. Nc3 Qd7 20. Qf4 Rb6 21.
Ne4 Nxe4 22. Rxe4 g6 23. Rde1 Kg7 24. Re7 Qf5 25. Qxf5 gxf5 26. Rxa7 Rf8 27. Rd7
Kf6 28. Kf1 Ra6 29. a4 h6 30. f3 h5 31. Kf2 Kg5 32. Rd1 Rc8 33. R1xd6 Rxd6 34.
Rxd6 c4 35. g3 cxb3 36. h4# 1-0

[Event "OGOLNOPOLSKA OLIMPIADA MLODZIEZY<br/>MISTRZOSTWA POLSKI JUNIOROW 2016 - D14"]
[Site "Olecko"]
[Date "2016-05-08"]
[Round "7.20"]
[White "Choinska, Debora"]
[Black "Jedras, Adrianna"]
[Result "1-0"]
[WhiteTitle "I"]
[BlackTitle "I"]
[WhiteElo "1244"]
[BlackElo "1261"]

1. e4 e5 2. Nf3 Nc6 3. c3 d5 4. Qa4 Bd7 5. exd5 Nd4 6. Qd1 Nxf3+ 7. Qxf3 Nf6 8.
Qe2 Bd6 9. d4 e4 10. Bg5 O-O 11. Nd2 Re8 12. Nc4 Be7 13. Bxf6 Bxf6 14. Ne3 a6
15. Qc2 Bg5 16. h3 Bxe3 17. fxe3 Qh4+ 18. Qf2 Qxf2+ 19. Kxf2 Rad8 20. Be2 f5 21.
Raf1 Rf8 22. Ke1 g6 23. h4 h5 24. Kd2 Be8 25. Rf2 Kg7 26. c4 b5 27. Rc1 b4 28.
Rff1 a5 29. b3 Bf7 30. Ra1 Ra8 31. Bd1 Rfb8 32. Bc2 Re8 33. a3 Kg8 34. axb4 axb4
35. Ra4 Reb8 36. Rfa1 Rxa4 37. bxa4 Be8 38. Bb3 Kf8 39. Kc2 Ke7 40. Kb2 Kd8 41.
Bc2 Kc8 42. Kb3 Rb7 43. a5 c6 44. dxc6 Bxc6 45. d5 Bd7 46. a6 Rb8 47. a7 Ra8 48.
Kxb4 Kb7 49. c5 Bc8 50. Ba4 Rxa7 51. Bc6+ Kb8 52. Rxa7 Kxa7 53. Be8 f4 54. exf4
e3 55. Kc3 Ba6 56. Bxg6 Kb8 57. Bxh5 1-0

[Event "OGOLNOPOLSKA OLIMPIADA MLODZIEZY<br/>MISTRZOSTWA POLSKI JUNIOROW 2016 - D14"]
[Site "Olecko"]
[Date "2016-05-08"]
[Round "7.22"]
[White "Laszczuk, Zuzanna"]
[Black "Zaborowska, Maria"]
[Result "0-1"]
[WhiteTitle "II"]
[BlackTitle "I"]
[WhiteElo "1062"]
[BlackElo "1250"]

1. e4 e6 2. d4 d5 3. exd5 exd5 4. Nf3 Bd6 5. Bd3 Nf6 6. O-O O-O 7. Bg5 Nbd7 8.
c3 c6 9. Qc2 Qc7 10. Re1 h6 11. Bh4 Nh5 12. Be7 Re8 13. Bxd6 Rxe1+ 14. Nxe1 Qxd6
15. Qe2 Ndf6 16. Nd2 Qe6 17. Qf3 Qg4 18. Qe3 Qe6 19. Qf3 g6 20. Nc2 Nh7 21. Re1
Ng5 22. Qd1 Qd7 23. Nf3 Kg7 24. Nxg5 hxg5 25. Qf3 Qg4 26. Qe3 Qf4 27. Qe7 Qf6
28. Qe2 Nf4 29. Qf3 Nxd3 30. Qxd3 Bf5 31. Qd2 Rd8 32. Ne3 Rd7 33. h3 Re7 34. b4
a6 35. a4 b5 36. axb5 axb5 37. Ra1 Qe6 38. Ra6 Rc7 39. f3 Qc8 40. Nxf5+ Qxf5 41.
Qe3 Qf4 42. Qe1 Qf6 43. Ra8 Qe7 44. Qd2 f6 45. f4 gxf4 46. Qxf4 Ra7 47. Rc8 Qe1+
48. Kh2 Qe6 49. Qh4 Qxc8 50. Qf2 Qc7+ 51. g3 Ra3 52. Qe3 Qa7 53. h4 Ra2+ 54. Kh3
Qd7+ 55. g4 Ra7 56. Qf4 Qe7 57. g5 fxg5 58. hxg5 Ra3 59. Qg3 Qe6+ 60. Kh4 Qe4+
61. Kh3 Qh1+ 62. Kg4 Qe4+ 63. Kh3 Ra7 64. Qb8 Qe7 65. Qf4 Ra8 66. Qg3 Rh8+ 67.
Kg2 Qe4+ 68. Kf2 Qh4 69. Qxh4 Rxh4 70. Kg3 Re4 71. Kf3 Kf7 72. Kg3 Re3+ 73. Kf4
Rxc3 74. Ke5 Rb3 75. Kd6 Rxb4 76. Kxc6 Rxd4 77. Kxb5 Rg4 78. Kc5 Rxg5 79. Kd4
Ke6 80. Ke3 Rg4 81. Kd3 Kd6 82. Ke3 d4+ 83. Kd3 Kd5 84. Ke2 Rg3 85. Kd2 Kc4 86.
Kc2 Rg2+ 87. Kc1 Kd3 88. Kb1 Kc3 89. Ka1 Kb3 90. Kb1 Rg1# 0-1

[Event "OGOLNOPOLSKA OLIMPIADA MLODZIEZY<br/>MISTRZOSTWA POLSKI JUNIOROW 2016 - D14"]
[Site "Olecko"]
[Date "2016-05-08"]
[Round "8.1"]
[White "Kucharska, Honorata"]
[Black "Rudzinska, Michalina"]
[Result "0-1"]
[WhiteTitle "k"]
[BlackTitle "I"]
[WhiteElo "1857"]
[BlackElo "1738"]

1. e4 c5 2. b3 e6 3. Bb2 a6 4. d3 d6 5. f4 Nd7 6. Nf3 Ngf6 7. g3 b5 8. Bg2 Bb7
9. O-O Be7 10. Nbd2 O-O 11. h3 Nh5 12. Qe1 g6 13. Nh2 Ng7 14. Ng4 h5 15. Ne3 Rb8
16. g4 Bf6 17. Bxf6 Nxf6 18. Qg3 d5 19. g5 Nh7 20. h4 dxe4 21. Nxe4 Qd4 22. Kh2
Rfc8 23. c3 Qd8 24. Rad1 Nf5 25. Qf2 Qb6 26. Nxf5 exf5 27. Nd2 Bxg2 28. Qxg2 Qd6
29. Qg3 Re8 30. Rf2 Nf8 31. Nf3 Re3 32. Rfd2 Rbe8 33. Re1 Qd5 34. Rxe3 Rxe3 35.
Kg2 Ne6 36. c4 Qd6 37. Kf2 Rxd3 38. Rxd3 Qxd3 39. Ng1 Qc2+ 40. Ne2 bxc4 41. bxc4
Qxc4 42. Qe3 Qd5 43. Qa3 Qc6 44. Qb2 c4 45. Qb8+ Kh7 46. Qe5 Nc5 47. Nd4 Nd3+
0-1

[Event "OGOLNOPOLSKA OLIMPIADA MLODZIEZY<br/>MISTRZOSTWA POLSKI JUNIOROW 2016 - D14"]
[Site "Olecko"]
[Date "2016-05-08"]
[Round "8.2"]
[White "Kalinowska, Zuzanna"]
[Black "Waszczuk, Patrycja"]
[Result "0-1"]
[WhiteTitle "k"]
[BlackTitle "k"]
[WhiteElo "1901"]
[BlackElo "1770"]

1. d4 f5 2. Nf3 Nf6 3. g3 g6 4. Bg2 Bg7 5. O-O O-O 6. b3 d6 7. Bb2 Qe8 8. c4 c6
9. Nc3 e5 10. dxe5 dxe5 11. Ba3 Rf7 12. Bd6 Nfd7 13. e4 f4 14. b4 Bf8 15. c5 Bxd6
16. Qxd6 Qf8 17. Qxf8+ Rxf8 18. Bh3 a5 19. Be6+ Kg7 20. Rab1 axb4 21. Rxb4 Ra3
22. Rb3 Ra5 23. Rb2 Rxc5 24. Na4 Ra5 25. Bxd7 Nxd7 26. Nb6 Nxb6 27. Rxb6 fxg3
28. fxg3 Rxa2 29. Nxe5 Rxf1+ 30. Kxf1 Ra4 31. Kf2 Rxe4 32. Nxc6 bxc6 33. Rxc6
Bf5 34. Rd6 Rc4 35. h4 Rc3 36. Rb6 Kh6 37. Rb5 Bg4 38. Rb2 Rf3+ 39. Kg2 Rf5 40.
Rb4 Kh5 41. Rd4 Re5 42. Rb4 Re2+ 43. Kf1 Rc2 44. Rb5+ Bf5 45. Rb4 Bh3+ 46. Ke1
Rg2 47. Rb7 h6 48. Rb3 g5 49. hxg5 hxg5 50. Rb8 Rxg3 51. Kf2 Rg2+ 52. Kf3 g4+
53. Kf4 Rf2+ 54. Kg3 Rf3+ 55. Kh2 Rf6 56. Rh8+ Kg5 57. Rb8 Re6 58. Rg8+ Rg6 59.
Rb8 Rf6 60. Rg8+ Kf4 61. Rb8 Rf5 62. Rb4+ Kg5 63. Rb8 Rf2+ 64. Kg1 Rd2 65. Rh8
Kf4 66. Rb8 Re2 67. Rb4+ Kf3 68. Rb3+ Re3 69. Rb8 Re1+ 70. Kh2 g3+ 0-1

[Event "OGOLNOPOLSKA OLIMPIADA MLODZIEZY<br/>MISTRZOSTWA POLSKI JUNIOROW 2016 - D14"]
[Site "Olecko"]
[Date "2016-05-08"]
[Round "8.3"]
[White "Swiech, Joanna"]
[Black "Jarocka, Liwia"]
[Result "1-0"]
[WhiteTitle "I++"]
[BlackTitle "I+"]
[WhiteElo "1939"]
[BlackElo "1667"]

1. e4 e5 2. Nf3 Nc6 3. Bc4 Nf6 4. Ng5 d5 5. exd5 Na5 6. Bb5+ c6 7. dxc6 bxc6 8.
Bd3 Nd5 9. Ne4 f5 10. Ng3 Nf4 11. Bf1 Bd6 12. Ne2 O-O 13. d3 Bb7 14. Nbc3 c5 15.
Rg1 Nc6 16. Bxf4 exf4 17. Qd2 f3 18. gxf3 Nd4 19. Nxd4 cxd4 20. Ne2 Bxf3 21. Bg2
Bxg2 22. Rxg2 Rb8 23. O-O-O Qb6 24. b3 Bb4 25. Qf4 Rbd8 26. Rdg1 Rd7 27. Qe5 Rff7
28. Nf4 Rde7 29. Qd5 Qh6 30. Rxg7+ Qxg7 31. Rxg7+ Kxg7 32. Qxd4+ Kg8 33. Qxb4
Rg7 34. Kb2 Rb7 35. Qc4+ Rgf7 36. Qc8+ Kg7 37. Ne6+ Kh6 38. Nd8 Rbc7 39. Nxf7+
Rxf7 1-0

[Event "OGOLNOPOLSKA OLIMPIADA MLODZIEZY<br/>MISTRZOSTWA POLSKI JUNIOROW 2016 - D14"]
[Site "Olecko"]
[Date "2016-05-08"]
[Round "8.4"]
[White "Hryn, Zofia"]
[Black "Harazinska, Magdalena"]
[Result "0-1"]
[WhiteTitle "I"]
[BlackTitle "I++"]
[WhiteElo "1531"]
[BlackElo "1805"]

1. c4 Nf6 2. Nc3 c5 3. g3 d5 4. cxd5 Nxd5 5. Bg2 Nc7 6. e3 e5 7. Nge2 Nc6 8. O-O
Be7 9. b3 O-O 10. Bb2 Bf5 11. Ne4 Ne6 12. a3 Rc8 13. d3 Qc7 14. Qc2 Rfd8 15. Rfd1
f6 16. Bc3 Bf8 17. Rab1 b5 18. b4 cxb4 19. Bxb4 Nxb4 20. Qxc7 Nxc7 21. axb4 Nd5
22. Nc5 Nxb4 23. Rxb4 Rxc5 24. d4 Rc2 25. Rxb5 Rxe2 26. d5 Bc2 27. Ra1 Rd2 28.
Bf3 Bd3 29. Rba5 a6 30. h4 Rb8 31. R5a2 Rxa2 32. Rxa2 Rb1+ 33. Kh2 Bb4 34. Kg2
Kf7 35. Kh2 Ke7 36. Kg2 a5 37. e4 Kd6 38. Kh2 Re1 0-1

[Event "OGOLNOPOLSKA OLIMPIADA MLODZIEZY<br/>MISTRZOSTWA POLSKI JUNIOROW 2016 - D14"]
[Site "Olecko"]
[Date "2016-05-08"]
[Round "8.5"]
[White "Kulpa, Zuzanna"]
[Black "Michalska, Aleksandra"]
[Result "1-0"]
[WhiteTitle "I+"]
[BlackTitle "I"]
[WhiteElo "1654"]
[BlackElo "1560"]

1. e4 e5 2. Nf3 Nc6 3. Bb5 g6 4. d4 exd4 5. Bg5 Be7 6. Bxe7 Ngxe7 7. Nxd4 O-O 8.
Nc3 a6 9. Bxc6 dxc6 10. O-O c5 11. Nde2 Be6 12. Nf4 Bc4 13. Re1 Qxd1 14. Raxd1
Rfd8 15. g3 Rd4 16. Ng2 Rad8 17. Ne3 Be6 18. f4 b5 19. Kf2 Rxd1 20. Rxd1 Rxd1
21. Nexd1 Nc6 22. Ne3 Nd4 23. g4 Bd7 24. Ncd5 Be6 25. c3 Bxd5 26. exd5 Ne6 27.
dxe6 fxe6 28. Kf3 Kf7 29. Ke4 c6 30. Ke5 Ke7 31. h4 b4 32. Nc4 1-0

[Event "OGOLNOPOLSKA OLIMPIADA MLODZIEZY<br/>MISTRZOSTWA POLSKI JUNIOROW 2016 - D14"]
[Site "Olecko"]
[Date "2016-05-08"]
[Round "8.6"]
[White "Skiba, Aleksandra"]
[Black "Moscicka, Pola"]
[Result "0-1"]
[WhiteTitle "I"]
[BlackTitle "k"]
[WhiteElo "1596"]
[BlackElo "1838"]

1. d4 Nf6 2. c4 e6 3. Nc3 Bb4 4. e3 O-O 5. Bd3 d5 6. a3 Bxc3+ 7. bxc3 c5 8. cxd5
exd5 9. Ne2 c4 10. Bc2 Nc6 11. O-O b5 12. f3 Qb6 13. Kh1 Bb7 14. Ng3 a5 15. e4
b4 16. e5 Nd7 17. f4 b3 18. Bf5 Rfd8 19. Qg4 Nf8 20. Nh5 Ng6 21. e6 Nce7 22. exf7+
Kxf7 23. Re1 Nxf5 24. Qxf5+ Kg8 25. Qg4 b2 26. Bxb2 Qxb2 27. Qe6+ Kf8 28. Rab1
Bc8 29. Rxb2 Bxe6 30. Rxe6 Re8 31. Rxe8+ Rxe8 32. Kg1 Re3 33. Rb5 Rxc3 34. Rxa5
Ne7 35. Ng3 Rd3 36. Ne2 Kf7 37. a4 Ke6 38. g4 Kd6 39. Kf2 Nc6 40. Ra6 c3 41. Nc1
Rd1 42. Nb3 c2 43. Ke3 c1=Q+ 44. Nxc1 Rxc1 45. Ra8 Rc3+ 46. Kf2 Rd3 47. a5 Rxd4
48. Ke3 Ra4 49. Rh8 Rxa5 50. Rxh7 Ra3+ 51. Kd2 Kc5 52. Rxg7 Ra2+ 53. Kd1 Rxh2
54. f5 Rf2 55. Ke1 Rf4 56. Kd2 Ne5 57. Rc7+ Kd6 58. Ra7 Nxg4 59. Kd3 Rxf5 60.
Ra6+ Kc5 61. Ra5+ Kb4 62. Ra8 Rf4 63. Rb8+ Kc5 64. Rc8+ Kd6 65. Rd8+ Kc6 66. Rc8+
Kd7 67. Ra8 Ne5+ 68. Ke3 Re4+ 69. Kd2 Rc4 70. Ra5 Kd6 71. Ra6+ Rc6 72. Ra8 Kc5
73. Ke3 d4+ 74. Ke4 Nc4 75. Kd3 Rh6 76. Rc8+ Kd5 77. Rd8+ Nd6 78. Ra8 Rh3+ 79.
Kd2 Nc4+ 80. Kd1 Ke4 81. Rb8 Rh1+ 82. Kc2 d3+ 83. Kc3 Rc1+ 0-1

[Event "OGOLNOPOLSKA OLIMPIADA MLODZIEZY<br/>MISTRZOSTWA POLSKI JUNIOROW 2016 - D14"]
[Site "Olecko"]
[Date "2016-05-08"]
[Round "8.7"]
[White "Raczykowska, Paulina"]
[Black "Bilczewska, Olga"]
[Result "1-0"]
[WhiteTitle "I+"]
[BlackTitle "I"]
[WhiteElo "1737"]
[BlackElo "1558"]

1. e4 e5 2. Nf3 Nc6 3. Bb5 Bc5 4. c3 Nf6 5. Qe2 O-O 6. O-O d6 7. Rd1 Bg4 8. d3
h6 9. Nbd2 a6 10. Ba4 Nh5 11. Nf1 Qf6 12. Ng3 Nxg3 13. hxg3 Bxf3 14. gxf3 Qg6
15. Kg2 f5 16. exf5 Qxf5 17. Bb3+ Kh8 18. Bc2 Qf7 19. d4 exd4 20. cxd4 Nxd4 21.
Rxd4 Bxd4 22. Bf4 Be5 23. Qe4 Qg8 24. Be3 Rf6 25. Rb1 Raf8 26. f4 Bxf4 27. Bxf4
d5 28. Qd3 c6 29. Be3 Rf5 30. Rh1 R5f6 31. Bd4 Re6 32. Qd2 Re4 33. Rxh6+ Qh7 34.
Rxh7+ Kxh7 1-0

[Event "OGOLNOPOLSKA OLIMPIADA MLODZIEZY<br/>MISTRZOSTWA POLSKI JUNIOROW 2016 - D14"]
[Site "Olecko"]
[Date "2016-05-08"]
[Round "8.8"]
[White "Lascar, Maria Elena"]
[Black "Malicka, Maria"]
[Result "0-1"]
[WhiteTitle "I+"]
[BlackTitle "I++"]
[WhiteElo "1491"]
[BlackElo "1715"]

1. e4 c6 2. d4 d5 3. exd5 cxd5 4. Bd3 Nc6 5. c3 g6 6. Bf4 Bg7 7. Nf3 Nh6 8. h3
O-O 9. g4 f6 10. g5 fxg5 11. Bxg5 Qb6 12. b3 e5 13. Be2 exd4 14. cxd4 Nf5 15.
Nc3 Nfxd4 16. Nxd5 Nxf3+ 17. Bxf3 Qd4 18. Rc1 Ne5 19. Be2 Qxf2+ 20. Kd2 Nf3+ 21.
Kd3 Qd4+ 22. Kc2 Bf5+ 23. Bd3 Qb2# 0-1

[Event "OGOLNOPOLSKA OLIMPIADA MLODZIEZY<br/>MISTRZOSTWA POLSKI JUNIOROW 2016 - D14"]
[Site "Olecko"]
[Date "2016-05-08"]
[Round "8.9"]
[White "Furtak, Joanna"]
[Black "Hryn, Aleksandra"]
[Result "1-0"]
[WhiteTitle "I+"]
[BlackTitle "I"]
[WhiteElo "1701"]
[BlackElo "1517"]

1. d4 d5 2. Nc3 Nf6 3. Bg5 Nbd7 4. Nf3 c6 5. e3 g6 6. Bd3 Bg7 7. O-O O-O 8. Qd2
Re8 9. e4 dxe4 10. Nxe4 Qc7 11. Bf4 Qd8 12. Rfe1 Nxe4 13. Bxe4 Nf6 14. c3 Be6
15. Bd3 Bd5 16. Ng5 h6 17. Ne4 Nxe4 18. Bxe4 h5 19. Bh6 Bxe4 20. Rxe4 e5 21. Bxg7
Kxg7 22. Rae1 Qd5 23. b3 Rad8 24. Qe2 f6 25. f4 c5 26. dxe5 f5 27. Re3 Re6 28.
Qf3 Qd7 29. h3 h4 30. Qf2 Qe7 31. Qe2 Qd7 32. Qc4 b6 33. Rf3 Qc6 34. Rd3 b5 35.
Qxe6 Qxe6 36. Rxd8 c4 37. Red1 Qb6+ 38. Kh1 g5 39. R1d7+ Kg6 40. Rd6+ Qxd6 41.
exd6 Kf6 42. fxg5+ Kxg5 43. d7 Kf6 44. Rf8+ Ke7 45. d8=Q+ Ke6 46. Re8+ Kf7 47.
Qe7+ Kg6 48. Rg8+ Kh6 49. Qg7+ Kh5 50. Qh7# 1-0

[Event "OGOLNOPOLSKA OLIMPIADA MLODZIEZY<br/>MISTRZOSTWA POLSKI JUNIOROW 2016 - D14"]
[Site "Olecko"]
[Date "2016-05-08"]
[Round "8.10"]
[White "Wolagiewicz, Kinga"]
[Black "Czarniecka, Aleksandra"]
[Result "1/2-1/2"]
[WhiteTitle "I"]
[BlackTitle "I"]
[WhiteElo "1397"]
[BlackElo "1624"]

1. e4 c5 2. Nf3 d6 3. d4 cxd4 4. Nxd4 Nf6 5. Nc3 a6 6. Bd3 e6 7. Be3 Be7 8. f4
Qc7 9. Qf3 Nbd7 10. O-O O-O 11. Kh1 b5 12. a3 Bb7 13. Rae1 Nc5 14. Bc1 d5 15.
exd5 Nxd5 16. Nxd5 Bxd5 17. Qg4 Nxd3 18. cxd3 Bf6 19. f5 e5 20. Bg5 Qd6 21. Bxf6
Qxf6 22. Nf3 Bxf3 23. Rxf3 Rfe8 24. Qe4 Kf8 25. Rfe3 Qd8 26. Qb4+ Kg8 27. d4 f6
28. dxe5 Rxe5 29. Rxe5 fxe5 30. Rxe5 Rc8 31. Re1 Qf8 32. Qe4 Qf6 33. Qd5+ Kh8
34. Qd7 Qf8 35. Qe6 Ra8 36. h3 h6 37. Rf1 Qg8 38. Qxg8+ Kxg8 39. f6 Rf8 40. Kg1
Rxf6 41. Rxf6 gxf6 42. Kf2 Kf7 43. Ke3 Ke6 44. Ke4 a5 45. b4 axb4 46. axb4 h5
47. Kd4 Kd6 48. g4 hxg4 49. hxg4 Kc6 50. Ke4 Kd6 51. Kf5 Ke7 52. Ke4 1/2-1/2

[Event "OGOLNOPOLSKA OLIMPIADA MLODZIEZY<br/>MISTRZOSTWA POLSKI JUNIOROW 2016 - D14"]
[Site "Olecko"]
[Date "2016-05-08"]
[Round "8.11"]
[White "Sowa, Wiktoria"]
[Black "Budkiewicz, Magdalena"]
[Result "0-1"]
[WhiteTitle "I"]
[BlackTitle "I"]
[WhiteElo "1545"]
[BlackElo "1495"]

1. e4 c5 2. d3 d6 3. g3 g6 4. Bg2 Bg7 5. Nc3 Nc6 6. Be3 e6 7. Qd2 Rb8 8. Nge2 Nd4
9. Nc1 b5 10. O-O b4 11. Nd1 Bb7 12. c3 bxc3 13. bxc3 Nc6 14. f4 Nge7 15. Ne2
O-O 16. g4 f5 17. Nf2 Qd7 18. Ng3 Bc8 19. h3 Qc7 20. g5 Qa5 21. Nd1 Ba6 22. Rc1
Qb5 23. Nf2 Qb2 24. Rc2 Qa3 25. Re1 d5 26. exf5 Nxf5 27. Nxf5 Rxf5 28. d4 cxd4
29. Bxd4 Nxd4 30. cxd4 Qd6 31. Qc1 Bxd4 32. Qd2 Rxf4 33. Rc6 Qxc6 34. Qxf4 e5
35. Qd2 Rb2 36. Qa5 Qc5 37. Qd8+ Qf8 38. Bxd5+ Kg7 39. Qc7+ Kh8 40. Rxe5 Qxf2+
0-1